00551nam a22001577a 450000500170000001000150001702000300003203500140006203700130007608200140008910000180010324500790012126000500020027000810025030000620033120210215165007.0 aENG-128977 c995.00a978-93-86473-87-5 aEN-112509 bDBAD/PUB a005.80954 aPathak, Ashok aIndia's Strategies for Information War and Cyber Deterrence/cAshok Pathak aNew DelhibVitasta Publishing Pvt. Ltd.c2020 bNew Delhia2/15, Ansari Roaad, Daryaganje110002minfo@vitastapublishing.com axvi+380p.c22cm(hbk)bIncluding bibliographic references.